| 000 | 004870000a22001930004500 | ||
|---|---|---|---|
| 001 | 001325 | ||
| 003 | MACL | ||
| 005 | 20150825133503.0 | ||
| 008 | 150825b xxu||||| |||| 00| 0 eng d | ||
| 040 |
_aMACL _cMACL |
||
| 041 | _aEnglish | ||
| 082 | _a616.65/BEL | ||
| 100 |
_aLee, Belshin.M.S _97327 |
||
| 245 |
_aThe Complete Prostate Book _cBelshin.M.S Lee |
||
| 260 |
_aNew Delhi _c1999 _bOrient Paperbacks, |
||
| 350 | _a140 | ||
| 650 |
_aMedical Science _97328 |
||
| 942 |
_k617 _cBK _2ddc |
||
| 999 |
_c1320 _d1320 |
||